<?xml version="1.0" encoding="UTF-8"?><?xml-stylesheet type="text/xsl" href="static/style.xsl"?><OAI-PMH xmlns="http://www.openarchives.org/OAI/2.0/" xmlns:xsi="http://www.w3.org/2001/XMLSchema-instance" xsi:schemaLocation="http://www.openarchives.org/OAI/2.0/ http://www.openarchives.org/OAI/2.0/OAI-PMH.xsd"><responseDate>2026-04-13T16:50:47Z</responseDate><request verb="GetRecord" identifier="oai:www.recercat.cat:20.500.14342/4670" metadataPrefix="marc">https://recercat.cat/oai/request</request><GetRecord><record><header><identifier>oai:recercat.cat:20.500.14342/4670</identifier><datestamp>2025-05-15T19:20:45Z</datestamp><setSpec>com_2072_482405</setSpec><setSpec>com_2072_183628</setSpec><setSpec>col_2072_482409</setSpec></header><metadata><record xmlns="http://www.loc.gov/MARC21/slim" xmlns:dcterms="http://purl.org/dc/terms/" xmlns:xsi="http://www.w3.org/2001/XMLSchema-instance" xmlns:doc="http://www.lyncode.com/xoai" xsi:schemaLocation="http://www.loc.gov/MARC21/slim http://www.loc.gov/standards/marcxml/schema/MARC21slim.xsd">
   <leader>00925njm 22002777a 4500</leader>
   <datafield ind2=" " ind1=" " tag="042">
      <subfield code="a">dc</subfield>
   </datafield>
   <datafield ind2=" " ind1=" " tag="720">
      <subfield code="a">Solis-Navarro, Lilian</subfield>
      <subfield code="e">author</subfield>
   </datafield>
   <datafield ind2=" " ind1=" " tag="720">
      <subfield code="a">Gismero Serra, Aina</subfield>
      <subfield code="e">author</subfield>
   </datafield>
   <datafield ind2=" " ind1=" " tag="720">
      <subfield code="a">Fernández Jané, Carles</subfield>
      <subfield code="e">author</subfield>
   </datafield>
   <datafield ind2=" " ind1=" " tag="720">
      <subfield code="a">Torres Castro, Rodrigo</subfield>
      <subfield code="e">author</subfield>
   </datafield>
   <datafield ind2=" " ind1=" " tag="720">
      <subfield code="a">Solà-Madurell, Mireia</subfield>
      <subfield code="e">author</subfield>
   </datafield>
   <datafield ind2=" " ind1=" " tag="720">
      <subfield code="a">Bergé, Clara</subfield>
      <subfield code="e">author</subfield>
   </datafield>
   <datafield ind2=" " ind1=" " tag="720">
      <subfield code="a">Mónica Pérez, Laura</subfield>
      <subfield code="e">author</subfield>
   </datafield>
   <datafield ind2=" " ind1=" " tag="720">
      <subfield code="a">Ars , Joan</subfield>
      <subfield code="e">author</subfield>
   </datafield>
   <datafield ind2=" " ind1=" " tag="720">
      <subfield code="a">Martín-Borràs, Carme</subfield>
      <subfield code="e">author</subfield>
   </datafield>
   <datafield ind2=" " ind1=" " tag="720">
      <subfield code="a">Vilaro, Jordi</subfield>
      <subfield code="e">author</subfield>
   </datafield>
   <datafield ind2=" " ind1=" " tag="720">
      <subfield code="a">Sitjà-Rabert, Mercè</subfield>
      <subfield code="e">author</subfield>
   </datafield>
   <datafield ind2=" " ind1=" " tag="260">
      <subfield code="c">2022-11</subfield>
   </datafield>
   <datafield ind2=" " ind1=" " tag="520">
      <subfield code="a">Background&#xd;
regular physical exercise is essential to maintain or improve functional capacity in older adults. Multimorbidity, functional limitation, social barriers and currently, coronavirus disease of 2019, among others, have increased the need for home-based exercise (HBE) programmes and digital health interventions (DHI). Our objective was to evaluate the effectiveness of HBE programs delivered by DHI on physical function, health-related quality of life (HRQoL) improvement and falls reduction in older adults.&#xd;
&#xd;
Design&#xd;
systematic review and meta-analysis.&#xd;
&#xd;
Participants&#xd;
community-dwelling older adults over 65 years.&#xd;
&#xd;
Intervention&#xd;
exercises at home through DHI.&#xd;
&#xd;
Outcomes measures&#xd;
physical function, HRQoL and falls.&#xd;
&#xd;
Results&#xd;
twenty-six studies have met the inclusion criteria, including 5,133 participants (range age 69.5 ± 4.0–83.0 ± 6.7). The HBE programmes delivered with DHI improve muscular strength (five times sit-to-stand test, −0.56 s, 95% confidence interval, CI −1.00 to −0.11; P = 0.01), functional capacity (Barthel index, 5.01 points, 95% CI 0.24–9.79; P = 0.04) and HRQoL (SMD 0.18; 95% CI 0.05–0.30; P = 0.004); and reduce events of falls (odds ratio, OR 0.77, 95% CI 0.64–0.93; P = 0.008). In addition, in the subgroup analysis, older adults with diseases improve mobility (SMD −0.23; 95% CI −0.45 to −0.01; P = 0.04), and balance (SMD 0.28; 95% CI 0.09–0.48; P = 0.004).&#xd;
&#xd;
Conclusion&#xd;
the HBE programmes carried out by DHI improve physical function in terms of lower extremity strength and functional capacity. It also significantly reduces the number of falls and improves the HRQoL. In addition, in analysis of only older adults with diseases, it also improves the balance and mobility.</subfield>
   </datafield>
   <datafield ind1="8" ind2=" " tag="024">
      <subfield code="a">http://hdl.handle.net/20.500.14342/4670</subfield>
   </datafield>
   <datafield ind1="8" ind2=" " tag="024">
      <subfield code="a">https://doi.org/10.1093/ageing/afac243</subfield>
   </datafield>
   <datafield tag="653" ind2=" " ind1=" ">
      <subfield code="a">Exercici a casa</subfield>
   </datafield>
   <datafield tag="653" ind2=" " ind1=" ">
      <subfield code="a">Exercici per a persones grans</subfield>
   </datafield>
   <datafield tag="653" ind2=" " ind1=" ">
      <subfield code="a">Intervenció digital en salut</subfield>
   </datafield>
   <datafield tag="653" ind2=" " ind1=" ">
      <subfield code="a">Condició física</subfield>
   </datafield>
   <datafield tag="653" ind2=" " ind1=" ">
      <subfield code="a">Ressenyes sistemàtiques (Investigació mèdica)</subfield>
   </datafield>
   <datafield tag="653" ind2=" " ind1=" ">
      <subfield code="a">Persones grans</subfield>
   </datafield>
   <datafield ind2="0" ind1="0" tag="245">
      <subfield code="a">Effectiveness of home-based exercise delivered by digital health in older adults: a systematic review and meta-analysis</subfield>
   </datafield>
</record></metadata></record></GetRecord></OAI-PMH>